000 00911nam a2200253Ia 4500
003 OSt
005 20221005112845.0
006 a|||||r|||| 00| 0
007 ta
008 221004b |||||||| |||| 00| 0 pan d
020 _a8187762527 (hbk)
_c175
024 _a11607
037 _b835, 20/03/2014, H.K. Prakashan
_cTextual
040 _aCRL
_cCRL
_bpan
041 _2pan
_apan
082 _aO133,1x, 153P9
100 _aਹੁੰਦਲ, ਹਰਭਜਨ ਸਿੰਘ, ੳਗ.
245 0 _aਵਿFਵ ਕਵੀ ਬ੍ਰੈ॥ਤ ਤੇ ਲੋਰਕਾ
260 _aਦਿੱਲੀ
_bਐੱਚ ਕੇ ਪ੍ਰਕਾFਨ ਭਾਰਤ
_c2009
300 _a136ਪੰ
_ccm.
650 _aਪੰਜਾਬੀ ਸਾਹਿਤ
942 _hO133,1x, 153P9
_cTEXL
_2cc
999 _c1026207
_d1026207